Cultura, política y sociedad: perspectivas latinoamericanas /
El autor presenta tres líneas principales de reflexión. La primera de ellas gira en torno a la idea de "prácticas intelectuales", ésto con el objetivo de cuestinar el sentido común resultante de la hegemonía que la institucionalidad académica y las industrias editoriales que históricamente...
Сохранить в:
| Главный автор: | |
|---|---|
| Другие авторы: | |
| Формат: | Текст |
| Опубликовано: |
Buenos Aires:
CLACSO
|
| Предметы: | |
| Метки: |
Добавить метку
Нет меток, Требуется 1-ая метка записи!
|
MARC
| LEADER | 00000 a a2200000 04500 | ||
|---|---|---|---|
| 001 | 32489 | ||
| 003 | |||
| 040 | |||
| 020 | |a 987-1183-27-5 | ||
| 090 | |a 202512 | ||
| 100 | |a Mato, Daniel | ||
| 245 | |a Cultura, política y sociedad: perspectivas latinoamericanas / |c Daniel Mato | ||
| 260 | |a Buenos Aires: |b CLACSO | ||
| 300 | |a 504 p. | ||
| 500 | |a Versión revisada y abreviada de Estudio Introductorio, disponible en http://www.clacso.org, http://wwwglobalcult.org.ve/pub/CYP.htm | ||
| 520 | |a El autor presenta tres líneas principales de reflexión. La primera de ellas gira en torno a la idea de "prácticas intelectuales", ésto con el objetivo de cuestinar el sentido común resultante de la hegemonía que la institucionalidad académica y las industrias editoriales que históricamente han representado una visión determinada de intelectual. Una segunda línea de reflexión refiere al par conceptual "cultura y poder, para finalmente reflexionar sobre los problemas, retos y oportunidades que plantea la entrada en escena de la idea de "Estudios Culturales" en América Latina | ||
| 650 | |a INTELECTUALES | ||
| 650 | |a CULTURA | ||
| 650 | |a PODER POLITICO | ||
| 650 | |a INVESTIGACION | ||
| 650 | |a AMERICA LATINA | ||
| 700 | |a comp. | ||
| 999 | |c 3220 |d 3220 | ||



